000
00333nam a2200145Ia 4500
005
20251222152646.0
008
251222s9999||||xx |||||||||||||| ||spa||
020
_a
978997238183
082
_a
869.56/D69
100
_a
Díaz Herrera, Jorge
245
0
_a
La Colina de Irupé
250
_a
3ra.ed.
264
_b
Recreo
942
_c
LIB
999
_c
28273
_d
28273